| 000 | 00703nam a2200277Ia 4500 | ||
|---|---|---|---|
| 008 | 170711s9999 xx 000 0 und d | ||
| 020 | _a9780545422901 | ||
| 050 | _a791.43 | ||
| 050 | _bEg28 2012 | ||
| 100 | _aEgan, Kate | ||
| 245 | 4 | _aThe hunger games : | |
| 245 | _bthe official illustrated movie companion / | ||
| 245 | _cby Kate Egan. | ||
| 250 | _aFirst edition | ||
| 260 | _aUSA : | ||
| 260 | _bScholastic, | ||
| 260 | _c2012 | ||
| 300 | _a158 pages : | ||
| 300 | _bcolored illustrations ; | ||
| 300 | _c27cm. | ||
| 650 | _aMotion picture -- | ||
| 650 | _aMotion pictures -- | ||
| 650 | _xProduction and direction. | ||
| 650 | _xSetting and scenery. | ||
| 700 | _aTitle. | ||
| 999 |
_c339927 _d339927 |
||